Lataa...

The Travancore state manual

Bibliografiset tiedot
Päätekijä: Nagam Aiya, V
Aineistotyyppi: Printed Book
Julkaistu: New Delhi, Asian Educational Services 1989
Sarja:1
Aiheet:
LEADER 004890000a22001690004500
082 |a 954.83 M9.1 
100 |a Nagam Aiya, V 
245 |a The Travancore state manual 
260 |a New Delhi, Asian Educational Services 
260 |c 1989 
465 |a R 1195 
490 |a 1 
650 |a Handbook 
650 |a Kerala 
942 |c BK 
999 |c 14603  |d 14603 
952 |0 0  |1 0  |4 0  |6 954_830000000000000_M9_1  |7 0  |8 REF  |9 14405  |a MGUL  |b MGUL  |d 2013-07-16  |e R 1195  |l 0  |o 954.83 M9.1  |p 05056  |r 2013-07-16  |w 2013-07-16  |y REF